[Event "British Universities-ch"]
[Site "Leicester"]
[Date "2024.02.24"]
[Round "?"]
[White "Jain, Gautam"]
[Black "Guha, Chirag"]
[Result "1-0"]
[WhiteElo "1837"]
[BlackElo "1736"]
[PlyCount "119"]
[EventDate "2024.02.24"]
[EventType "team-swiss (rapid)"]
[EventRounds "9"]
[EventCountry "ENG"]
[SourceTitle "CB11_2024"]
[SourceDate "2024.03.13"]
[SourceVersion "1"]
[SourceVersionDate "2024.03.13"]
[SourceQuality "1"]
[WhiteTeam "Imperial"]
[BlackTeam "Bath"]
[WhiteTeamCountry "ENG"]
[BlackTeamCountry "ENG"]

1. e4 e5 2. Nf3 Nc6 3. Bb5 a6 4. Ba4 d6 5. h3 g6 6. d4 b5 7. Bb3 Bg7 8. c3 Nge7 9. 0-0 0-0 10. Be3 h6 11. Nbd2 Kh7 12. dxe5 dxe5 13. Re1 Bb7 14. Bc5 Na5 15. Bc2 Qe8 16. Qe2 Nac6 17. a4 Nd8 18. axb5 axb5 19. Bxe7 Qxe7 20. Qxb5 Rc8 21. Nc4 Bc6 22. Qb3 Nb7 23. Qa3 Nd6 24. Qc5 Qe8 25. Ncxe5 Bd7 26. Nxd7 Qxd7 27. e5 Nf5 28. b4 Rfe8 29. Ba4 c6 30. Bb3 Bf8 31. Qc4 Kg7 32. Rad1 Qe7 33. e6 fxe6 34. Rxe6 Qxe6 35. Qxe6 Rxe6 36. Bxe6 Rc7 37. Rd7+ Rxd7 38. Bxd7 Ne7 39. Ne5 Nd5 40. Bxc6 Nxc3 41. b5 Bc5 42. Nd7 Bd4 43. b6 Ne2+ 44. Kf1 Nf4 45. b7 Ba7 46. b8Q Bxb8 47. Nxb8 g5 48. Nd7 h5 49. Ne5 Kf6 50. Nf3 g4 51. hxg4 hxg4 52. Nh2 Kg5 53. Bd7 g3 54. fxg3 Nh5 55. Kf2 Kf6 56. Kf3 Kg5 57. Ng4 Ng7 58. Ne3 Nh5 59. Nd5 Ng7 60. g4 1-0

[Event "Daventry 4NCL Easter op-A 3rd"]
[Site "Daventry"]
[Date "2023.04.10"]
[Round "6"]
[White "Moyse, Nigel John"]
[Black "Guha, Chirag"]
[Result "0-1"]
[WhiteElo "1968"]
[BlackElo "1725"]
[PlyCount "74"]
[EventDate "2023.04.07"]
[EventType "swiss"]
[EventRounds "7"]
[EventCountry "ENG"]
[SourceTitle "CBM 213 Extra"]
[Source "ChessBase"]
[SourceDate "2023.05.31"]
[SourceVersion "1"]
[SourceVersionDate "2023.05.31"]
[SourceQuality "1"]

1. e4 e5 2. Nf3 Nc6 3. d4 exd4 4. Bc4 Nf6 5. e5 d5 6. Bb5 Ne4 7. Nxd4 Bd7 8. Bxc6 bxc6 9. 0-0 Bc5 10. f3 Ng5 11. f4 Ne4 12. Be3 Bb6 13. Nd2 Nxd2 14. Qxd2 c5 15. Nb3 d4 16. Bf2 Bc6 17. Kh1 Qd5 18. Rg1 h5 19. Rad1 h4 20. h3 0-0-0 21. Na5 Ba8 22. b3 g5 23. fxg5 Bxa5 24. Qxa5 Rdg8 25. Qa6+ Bb7 26. Qf6 Qd7 27. Kh2 Rh5 28. Rd2 Rg6 29. Qf4 Rhxg5 30. g4 hxg3+ 31. Rxg3 Qd5 32. Rxg5 Qg2+ 33. Rxg2 Rxg2+ 34. Kh1 Rxf2+ 35. Kg1 Rxf4 36. Rf2 Rxf2 37. Kxf2 Be4 0-1

[Event "Glorney Cup"]
[Site "Cardiff"]
[Date "2022.07.19"]
[Round "1.2"]
[White "Collins, Adam"]
[Black "Guha, Chirag"]
[Result "1-0"]
[WhiteElo "1981"]
[BlackElo "1807"]
[PlyCount "99"]
[EventDate "2022.07.19"]
[EventType "team-tourn"]
[EventRounds "6"]
[EventCountry "WLS"]
[SourceTitle "CBM 210 Extra"]
[Source "ChessBase"]
[SourceDate "2022.11.30"]
[SourceVersion "1"]
[SourceVersionDate "2022.11.30"]
[SourceQuality "1"]
[WhiteTeam "Ireland"]
[BlackTeam "Wales"]
[WhiteTeamCountry "IRL"]
[BlackTeamCountry "WLS"]

1. e4 e5 2. Nf3 Nc6 3. Bb5 a6 4. Ba4 d6 5. c3 Bd7 6. 0-0 g6 7. d4 Bg7 8. Re1 Nf6 9. Nbd2 0-0 10. Nf1 h6 11. Ng3 b5 12. Bc2 Nh7 13. a4 Rb8 14. axb5 axb5 15. dxe5 dxe5 16. b4 Qe7 17. Be3 Rfd8 18. Qc1 h5 19. h3 Nf8 20. Ra6 Ne6 21. Bb3 Nf4 22. Bxf4 exf4 23. Qxf4 Rb6 24. Rxb6 cxb6 25. e5 Re8 26. Ng5 Nd8 27. Qd2 Bh6 28. f4 Bxg5 29. fxg5 Be6 30. Bc2 Nc6 31. Ne4 Rd8 32. Qf4 Bc4 33. Nf6+ Kg7 34. Qe4 Qe6 35. Qe3 Rb8 36. Kh2 Rb7 37. Qe4 Ra7 38. Bd1 Ra2 39. Bf3 Ne7 40. Rd1 Qc8 41. Qd4 Ra7 42. e6 Kf8 43. Nd7+ Kg8 44. Nf6+ Kf8 45. Qxb6 Rc7 46. exf7 Kxf7 47. Ne4 Nf5 48. Qf6+ Kg8 49. Rd8+ Qxd8 50. Qxd8+ 1-0

[Event "Glorney Cup"]
[Site "Cardiff"]
[Date "2022.07.19"]
[Round "2.2"]
[White "Guha, Chirag"]
[Black "Badacsonyi, Frankie"]
[Result "0-1"]
[WhiteElo "1807"]
[BlackElo "1786"]
[PlyCount "114"]
[EventDate "2022.07.19"]
[EventType "team-tourn"]
[EventRounds "6"]
[EventCountry "WLS"]
[SourceTitle "CBM 210 Extra"]
[Source "ChessBase"]
[SourceDate "2022.11.30"]
[SourceVersion "1"]
[SourceVersionDate "2022.11.30"]
[SourceQuality "1"]
[WhiteTeam "Wales"]
[BlackTeam "England"]
[WhiteTeamCountry "WLS"]
[BlackTeamCountry "ENG"]

1. d4 e6 2. c4 b6 3. Nc3 Bb4 4. Qc2 f5 5. Nf3 Bb7 6. a3 Bxc3+ 7. Qxc3 Nf6 8. g3 Qe7 9. Bg2 d6 10. b4 Nbd7 11. 0-0 0-0 12. Bb2 Ne4 13. Qc2 g5 14. Nd2 Nxd2 15. Qxd2 Bxg2 16. Kxg2 h6 17. Rh1 Kh7 18. h4 g4 19. f4 Rae8 20. Rad1 Nf6 21. e3 Ne4 22. Qe2 d5 23. Rc1 Qd7 24. c5 c6 25. Ba1 Ra8 26. a4 Rfb8 27. Rb1 Rb7 28. Rhc1 Rab8 29. b5 Qe8 30. bxc6 Qxc6 31. cxb6 Qxa4 32. bxa7 Rxb1 33. axb8Q Rxb8 34. Qc2 Qxc2+ 35. Rxc2 Rb3 36. Re2 Kg6 37. Bb2 Kf7 38. Bc1 Rb1 39. Rc2 Rb7 40. Bd2 Ke7 41. Be1 Kd7 42. Kf1 Nd6 43. Ke2 Nc4 44. Bd2 Rb1 45. Ra2 Rg1 46. Be1 Rh1 47. Ra1 Nd6 48. Ra7+ Ke8 49. Ra8+ Kf7 50. Ra7+ Kf6 51. Ra1 Ne4 52. Rc1 Nxg3+ 53. Kf2 Ne4+ 54. Kg2 Rh3 55. Bf2 Nxf2 56. Kxf2 Rxh4 57. Rg1 Rh2+ 0-1

[Event "BCF-chT4S 1920 (4NCL)"]
[Site "England"]
[Date "2020.02.09"]
[Round "6.31"]
[White "Tivillier, Jacques"]
[Black "Guha, Chirag"]
[Result "1/2-1/2"]
[WhiteElo "1922"]
[BlackElo "2057"]
[PlyCount "70"]
[EventDate "2019.11.09"]
[EventType "team-swiss"]
[EventRounds "11"]
[EventCountry "ENG"]
[SourceTitle "EXT 2022"]
[Source "ChessBase"]
[SourceDate "2021.10.06"]
[SourceVersion "1"]
[SourceVersionDate "2021.10.06"]
[SourceQuality "1"]
[WhiteTeam "Celtic Tigers II"]
[BlackTeam "Wood Green Youth"]
[WhiteTeamCountry "ENG"]
[BlackTeamCountry "ENG"]

1. e4 e5 2. Nf3 Nc6 3. Bc4 Nf6 4. d3 Bc5 5. 0-0 d6 6. c3 h6 7. h3 a6 8. a4 Ba7 9. Re1 0-0 10. Nbd2 Be6 11. Bxe6 fxe6 12. Nf1 Nh5 13. Be3 Bxe3 14. fxe3 Qf6 15. Kh2 g5 16. N3d2 Ng7 17. Ng3 Qg6 18. Qe2 h5 19. Rf1 g4 20. hxg4 hxg4 21. Rxf8+ Rxf8 22. Rf1 Nb8 23. Rxf8+ Kxf8 24. Qf2+ Ke7 25. d4 Nd7 26. b4 Qg5 27. Kg1 Nf6 28. Kf1 Ngh5 29. Nxh5 Qxh5 30. Qg3 Qg5 31. dxe5 dxe5 32. Ke2 Nh5 33. Qf2 Nf6 34. Qg3 Nh5 35. Qf2 Nf6 1/2-1/2

[Event "BCF-chT4S 1920 (4NCL)"]
[Site "England"]
[Date "2020.02.08"]
[Round "5.11"]
[White "Guha, Chirag"]
[Black "Salmons, Calum"]
[Result "1-0"]
[WhiteElo "2057"]
[BlackElo "2065"]
[PlyCount "123"]
[EventDate "2019.11.09"]
[EventType "team-swiss"]
[EventRounds "11"]
[EventCountry "ENG"]
[SourceTitle "EXT 2022"]
[Source "ChessBase"]
[SourceDate "2021.10.06"]
[SourceVersion "1"]
[SourceVersionDate "2021.10.06"]
[SourceQuality "1"]
[WhiteTeam "Wood Green Youth"]
[BlackTeam "Sussex Martlets II"]
[WhiteTeamCountry "ENG"]
[BlackTeamCountry "ENG"]

1. d4 Nf6 2. c4 e6 3. g3 d5 4. Nf3 c6 5. Bg2 Nbd7 6. 0-0 Be7 7. Nc3 0-0 8. Nd2 b6 9. e4 Bb7 10. e5 Ne8 11. b3 Qc7 12. Bb2 dxc4 13. bxc4 c5 14. Nb5 Qb8 15. d5 Nxe5 16. d6 Bf6 17. Ne4 Nf3+ 18. Qxf3 Bxb2 19. Rab1 Be5 20. d7 Nc7 21. Rfd1 Nxb5 22. Rxb5 Ba6 23. Nxc5 Bxb5 24. Qxa8 Qxa8 25. Bxa8 Bf6 26. cxb5 bxc5 27. Bb7 Rb8 28. Bc8 Bd8 29. a4 Kf8 30. Rc1 Ke7 31. Rxc5 Rb6 32. Rc2 Rd6 33. Ra2 Rd5 34. Kf1 Rd4 35. a5 Rd5 36. b6 a6 37. Rb2 Rb5 38. Rxb5 axb5 39. Ke2 e5 40. Kd3 f5 41. Kc3 g5 42. Kb4 e4 43. Kxb5 f4 44. Kc4 e3 45. Kd3 exf2 46. Ke2 fxg3 47. hxg3 h5 48. Kxf2 Kd6 49. Kf3 Kc6 50. Kg2 Be7 51. Kf3 Bd8 52. Ke4 Be7 53. Ke5 h4 54. gxh4 gxh4 55. Ke6 Bg5 56. Ba6 Bd8 57. Bf1 Kb7 58. Kf7 h3 59. Ke8 h2 60. Bg2+ Kb8 61. b7 Bxa5 62. d8Q+ 1-0

[Event "Wales-chT 1920"]
[Site "Wales"]
[Date "2019.12.01"]
[Round "2.14"]
[White "Jones, Iolo Cerredig"]
[Black "Guha, Chirag"]
[Result "1-0"]
[WhiteElo "2168"]
[BlackElo "1769"]
[PlyCount "147"]
[EventDate "2019.10.20"]
[EventType "team-tourn"]
[EventRounds "7"]
[EventCountry "WLS"]
[SourceTitle "EXT 2022"]
[Source "ChessBase"]
[SourceDate "2021.10.06"]
[SourceVersion "1"]
[SourceVersionDate "2021.10.06"]
[SourceQuality "1"]
[WhiteTeam "Cardigan"]
[BlackTeam "Tiny Rex"]
[WhiteTeamCountry "WLS"]
[BlackTeamCountry "WLS"]

1. d4 d5 2. Nf3 Nf6 3. Bf4 c5 4. c3 Nc6 5. e3 Qb6 6. Qb3 c4 7. Qxb6 axb6 8. Na3 Na7 9. Be2 Bf5 10. Nh4 Bd7 11. 0-0 e6 12. Nc2 Be7 13. Nf3 0-0 14. Rfc1 Rfc8 15. Ne5 Be8 16. h3 Ne4 17. f3 Nd6 18. Bg3 f6 19. Ng4 Bg6 20. Nh2 Nc6 21. Bd1 e5 22. a3 h5 23. Nb4 Nxb4 24. axb4 exd4 25. exd4 Bd3 26. Bf4 b5 27. Nf1 Bg6 28. Ne3 Bf7 29. Bc2 g6 30. Re1 Bf8 31. g4 h4 32. g5 Rxa1 33. Rxa1 fxg5 34. Bxg5 Re8 35. Kf2 Be7 36. Bf4 Kh7 37. Be5 Be6 38. Ng4 Bxg4 39. fxg4 Nf7 40. Ra7 Nd8 41. Ra8 Bg5 42. Rc8 Rf8+ 43. Ke2 Ne6 44. Rxf8 Nxf8 45. b3 Ne6 46. bxc4 bxc4 47. Ba4 Kg8 48. Be8 Nf8 49. b5 Be7 50. Bf4 g5 51. Bd2 Kg7 52. Kd1 Kg8 53. Kc2 Kg7 54. Bc1 Kg8 55. Kb1 Kg7 56. Ka2 Ne6 57. Bd7 Kf7 58. b6 Nd8 59. Bc8 Ke8 60. Bf5 Kf7 61. Bd7 Kf8 62. Bc8 Ke8 63. Ba3 Kf8 64. Bc5 Ke8 65. Ka3 Bf6 66. Kb4 Kf7 67. Bd6 Be7 68. Kc5 Ne6+ 69. Bxe6+ Kxe6 70. Bxe7 Kxe7 71. Kxd5 Kd7 72. Kc5 Kd8 73. Kxc4 Kd7 74. Kd5 1-0

[Event "GBR-ch U16 106th"]
[Site "Torquay"]
[Date "2019.07.31"]
[Round "4"]
[White "Guha, Chirag"]
[Black "Wenninger, Maxim"]
[Result "1-0"]
[WhiteElo "1885"]
[BlackElo "1742"]
[PlyCount "89"]
[EventDate "2019.07.28"]
[EventType "swiss"]
[EventRounds "7"]
[EventCountry "ENG"]
[SourceTitle "EXT 2020"]
[Source "ChessBase"]
[SourceDate "2019.10.17"]
[SourceVersion "1"]
[SourceVersionDate "2019.10.17"]
[SourceQuality "1"]

1. d4 Nf6 2. c4 g6 3. g3 Bg7 4. Bg2 d5 5. cxd5 Nxd5 6. Nf3 Nb6 7. 0-0 0-0 8. Nc3 Nc6 9. e3 Re8 10. d5 Na5 11. Nd4 e5 12. Nde2 Qe7 13. e4 c6 14. b3 cxd5 15. exd5 Bf5 16. Be3 Nc8 17. Nb5 Qd7 18. a4 a6 19. Na3 Nd6 20. Bb6 e4 21. Ra2 h5 22. Bxa5 Bh3 23. Bc3 Bxg2 24. Kxg2 Bh6 25. Qd4 Kh7 26. Nc4 Nf5 27. Qd1 Rad8 28. Bf6 Rb8 29. a5 g5 30. Nc3 Kg6 31. Bd4 h4 32. Ne5+ Rxe5 33. Bxe5 h3+ 34. Kg1 Re8 35. Bd4 Nxd4 36. Qxd4 Bg7 37. Qd2 Qf5 38. Nd1 Bh6 39. Ne3 Qf6 40. Qe2 Qc3 41. Qc2 Qf6 42. Qe2 Qc3 43. Qg4 Re5 44. Qd7 f5 45. Qd6+ 1-0

[Event "GBR-ch U16 106th"]
[Site "Torquay"]
[Date "2019.07.28"]
[Round "1"]
[White "Patel, Devan"]
[Black "Guha, Chirag"]
[Result "1-0"]
[WhiteElo "1659"]
[BlackElo "1885"]
[PlyCount "115"]
[EventDate "2019.07.28"]
[EventType "swiss"]
[EventRounds "7"]
[EventCountry "ENG"]
[SourceTitle "EXT 2020"]
[Source "ChessBase"]
[SourceDate "2019.10.17"]
[SourceVersion "1"]
[SourceVersionDate "2019.10.17"]
[SourceQuality "1"]

1. Nf3 d5 2. d4 Nf6 3. Bf4 e6 4. e3 c5 5. c4 Nc6 6. Nc3 a6 7. a3 Be7 8. Be2 dxc4 9. dxc5 0-0 10. Bxc4 Bxc5 11. b4 Be7 12. 0-0 b5 13. Qxd8 Rxd8 14. Bb3 Rd3 15. Rac1 Bb7 16. Rfd1 Rad8 17. Ne5 Nxe5 18. Bxe5 Ng4 19. Bd4 Rxd1+ 20. Bxd1 Nf6 21. Bf3 Bxf3 22. gxf3 Rc8 23. Rd1 h6 24. Rd3 Nd7 25. Ne4 f6 26. f4 f5 27. Nd2 Nb8 28. Nb3 Rd8 29. Rc3 Bf6 30. Bxf6 gxf6 31. Nd4 Kf7 32. Nc6 Rc8 33. Ne5+ fxe5 34. Rxc8 Nd7 35. fxe5 Nxe5 36. Ra8 Nc4 37. Rxa6 Kf6 38. a4 bxa4 39. Rxa4 Ke5 40. b5 Nb6 41. Ra6 Nd5 42. Rc6 Nb4 43. Rc4 Nd5 44. Kg2 h5 45. Kh3 Nb6 46. Rc6 Nd7 47. Kh4 Nf6 48. b6 Nd7 49. b7 Kd5 50. Rc7 Nb8 51. Rc8 Na6 52. b8Q Nxb8 53. Rxb8 Ke4 54. Kxh5 Kf3 55. Rb2 e5 56. Kg5 e4 57. Kxf5 Kg2 58. Kxe4 1-0

[Event "Glorney Cup"]
[Site "Dublin"]
[Date "2019.07.23"]
[Round "4"]
[White "Guha, Chirag"]
[Black "Melaugh, Shanemelaugh"]
[Result "0-1"]
[WhiteElo "1885"]
[BlackElo "2126"]
[PlyCount "100"]
[EventDate "2019.07.22"]
[EventType "team-tourn"]
[EventRounds "5"]
[EventCountry "IRL"]
[SourceTitle "CBM 191 Extra"]
[Source "ChessBase"]
[SourceDate "2019.09.30"]
[SourceVersion "1"]
[SourceVersionDate "2019.09.30"]
[SourceQuality "1"]
[WhiteTeam "Wales"]
[BlackTeam "Ireland"]
[WhiteTeamCountry "WLS"]
[BlackTeamCountry "IRL"]

1. d4 e6 2. c4 f5 3. g3 Nf6 4. Nf3 Be7 5. Bg2 0-0 6. 0-0 d6 7. Nc3 Ne4 8. Qc2 Nxc3 9. Qxc3 Bf6 10. b3 Nc6 11. Bb2 Qe8 12. Qc2 e5 13. d5 Ne7 14. e4 Qh5 15. Nd2 f4 16. c5 Bh3 17. Ba3 Rad8 18. Qd3 g5 19. f3 fxg3 20. hxg3 Bg7 21. Kf2 Bc8 22. Rh1 Qg6 23. Rh2 Rf7 24. cxd6 cxd6 25. Rah1 h6 26. Bc1 Rdf8 27. Rf1 g4 28. Qe3 h5 29. Ke2 Bh6 30. Qd3 Bd7 31. Ba3 a6 32. Nc4 Nc8 33. Bh1 b5 34. Nb2 Rf6 35. Rhf2 Qf7 36. Bg2 Ne7 37. Bb4 h4 38. f4 exf4 39. gxf4 g3 40. Rf3 Bg4 41. Bd2 Bxf4 42. Bxf4 Rxf4 43. Qe3 Bxf3+ 44. Rxf3 Ng6 45. Nd3 Rxf3 46. Bxf3 Nf4+ 47. Nxf4 Qxf4 48. Qc3 h3 49. Qe3 Qxe3+ 50. Kxe3 g2 0-1

[Event "WLS-ch 65th"]
[Site "Cardiff"]
[Date "2019.04.20"]
[Round "4"]
[White "Guha, Chirag"]
[Black "Rathbone Jones, Ifan"]
[Result "1-0"]
[WhiteElo "1941"]
[BlackElo "1854"]
[PlyCount "37"]
[EventDate "2019.04.19"]
[EventType "swiss"]
[EventRounds "7"]
[EventCountry "WLS"]
[SourceTitle "CBM 189 Extra"]
[Source "ChessBase"]
[SourceDate "2019.06.03"]
[SourceVersion "1"]
[SourceVersionDate "2019.06.03"]
[SourceQuality "1"]

1. d4 d5 2. c4 e6 3. Nf3 c6 4. g3 g6 5. Bg2 Bg7 6. 0-0 Nf6 7. Nc3 0-0 8. Qb3 Nbd7 9. Rd1 b6 10. Bf4 Qe7 11. Ne5 Nh5 12. Nxc6 Qf6 13. Be5 Qg5 14. h4 Qh6 15. Bd6 Bb7 16. Bxf8 Bxf8 17. cxd5 exd5 18. Bxd5 Bd6 19. Ne4 1-0

[Event "Telford 4NCL op"]
[Site "Telford"]
[Date "2018.11.04"]
[Round "8"]
[White "Ferrington, Nigel M"]
[Black "Guha, Chirag"]
[Result "1-0"]
[WhiteElo "2130"]
[BlackElo "1849"]
[PlyCount "135"]
[EventDate "2018.10.31"]
[EventType "swiss"]
[EventRounds "9"]
[EventCountry "ENG"]
[SourceTitle "CBM 187 Extra"]
[Source "ChessBase"]
[SourceDate "2018.11.04"]
[SourceVersion "1"]
[SourceVersionDate "2018.11.04"]
[SourceQuality "1"]

1. c4 e6 2. e4 d5 3. exd5 exd5 4. d4 c6 5. Nc3 Nf6 6. Bd3 Be7 7. Nge2 0-0 8. 0-0 Bg4 9. f3 Be6 10. Nf4 Bd6 11. Nxe6 fxe6 12. Bg5 Qc7 13. f4 h6 14. Bxf6 Rxf6 15. g3 Nd7 16. c5 Be7 17. b4 b6 18. Bc2 Nf8 19. Qd3 Rb8 20. Nb1 Kf7 21. Nd2 Ke8 22. Nf3 Kd8 23. Ne5 Kc8 24. cxb6 Rxb6 25. Ba4 Rxb4 26. Qa6+ Qb7 27. Qxb7+ Kxb7 28. Rab1 Kc7 29. Rxb4 Bxb4 30. Nxc6 Bd6 31. Nxa7 Ng6 32. Rb1 Bxf4 33. gxf4 Rxf4 34. Nb5+ Kd8 35. Bd1 Ne7 36. Be2 Nc6 37. Rd1 Kc8 38. Kg2 Kd7 39. a4 Kc8 40. Rf1 Rh4 41. Rf8+ Kb7 42. Rf7+ Kb6 43. Rxg7 Nxd4 44. Nxd4 Rxd4 45. Bb5 Re4 46. Kf3 Kc5 47. Rh7 Rh4 48. Kg3 Rh5 49. h4 d4 50. Kg4 Rd5 51. Rxh6 e5 52. Kf5 d3 53. Bxd3 Rxd3 54. Kxe5 Ra3 55. h5 Rxa4 56. Rf6 Rh4 57. h6 Rh5+ 58. Ke6 Kc6 59. Kf7+ Kd7 60. Kg6 Ke7 61. Rf7+ Ke8 62. Ra7 Rh1 63. h7 Rg1+ 64. Kf5 Rf1+ 65. Kg4 Rg1+ 66. Kf3 Rf1+ 67. Kg2 Rf8 68. Ra8+ 1-0

[Event "Telford 4NCL op"]
[Site "Telford"]
[Date "2018.11.02"]
[Round "4"]
[White "Guha, Chirag"]
[Black "Rahul, Srivatshav P"]
[Result "0-1"]
[WhiteElo "1849"]
[BlackElo "2395"]
[PlyCount "82"]
[EventDate "2018.10.31"]
[EventType "swiss"]
[EventRounds "9"]
[EventCountry "ENG"]
[SourceTitle "CBM 187 Extra"]
[Source "ChessBase"]
[SourceDate "2018.11.04"]
[SourceVersion "1"]
[SourceVersionDate "2018.11.04"]
[SourceQuality "1"]

1. d4 Nf6 2. c4 g6 3. g3 Bg7 4. Bg2 0-0 5. Nf3 d6 6. 0-0 Nbd7 7. Nc3 e5 8. e4 exd4 9. Nxd4 Re8 10. h3 a6 11. Re1 Rb8 12. a4 Ne5 13. b3 Nfd7 14. f4 Nc6 15. Be3 Nb4 16. Nd5 a5 17. Rc1 Na6 18. Bf2 Ndc5 19. Rb1 c6 20. Nc3 Nb4 21. Bf1 h5 22. Qf3 Bd7 23. Red1 Qc8 24. Kh2 Qc7 25. Nde2 b6 26. Rd2 Nxe4 27. Nxe4 Rxe4 28. Rbd1 Re6 29. Nd4 Ree8 30. f5 Be5 31. Bd3 Nxd3 32. Qxd3 Kh7 33. Nf3 Bxf5 34. Ng5+ Kg7 35. Qf1 h4 36. Nf3 hxg3+ 37. Bxg3 Bxg3+ 38. Kxg3 Re3 39. Rxd6 Rd8 40. Qf2 Rxd6 41. Qxe3 Rxd1+ 0-1

[Event "Telford 4NCL op"]
[Site "Telford"]
[Date "2018.11.02"]
[Round "5"]
[White "White, Stuart A"]
[Black "Guha, Chirag"]
[Result "1/2-1/2"]
[WhiteElo "2113"]
[BlackElo "1849"]
[PlyCount "154"]
[EventDate "2018.10.31"]
[EventType "swiss"]
[EventRounds "9"]
[EventCountry "ENG"]
[SourceTitle "CBM 187 Extra"]
[Source "ChessBase"]
[SourceDate "2018.11.04"]
[SourceVersion "1"]
[SourceVersionDate "2018.11.04"]
[SourceQuality "1"]

1. d4 d5 2. c4 e6 3. Nc3 Nf6 4. cxd5 exd5 5. Bg5 Be7 6. e3 c6 7. Bd3 Nbd7 8. Nge2 Nh5 9. Bxe7 Qxe7 10. Qd2 g6 11. 0-0 Ng7 12. f3 Nb6 13. Rad1 0-0 14. Kh1 Be6 15. Nf4 c5 16. dxc5 Qxc5 17. Nce2 Rfe8 18. Nd4 Nc4 19. Qf2 Rac8 20. Rfe1 a6 21. b3 Ne5 22. Qd2 Qc3 23. Qxc3 Rxc3 24. Nde2 Rc5 25. Bb1 Rec8 26. Kg1 g5 27. Nd3 Nxd3 28. Bxd3 Nf5 29. Bxf5 Bxf5 30. Nd4 Bg6 31. Kf2 Kf8 32. Rd2 h6 33. Red1 Ke7 34. Rh1 Kd6 35. h4 Rc1 36. Rdd1 R1c3 37. hxg5 hxg5 38. Rd2 Rc1 39. Rxc1 Rxc1 40. Ne2 Rc5 41. b4 Rc4 42. a3 Ke5 43. g3 Bf5 44. Nd4 Bg6 45. Rb2 b5 46. Rb3 Bh7 47. Ke2 Bg6 48. Kd2 Bh7 49. Rb2 Bg6 50. Ra2 Bh7 51. Ra1 Bg6 52. Rh1 Rc8 53. Rh6 Kf6 54. f4 gxf4 55. gxf4 Kg7 56. Rh2 Be4 57. Rh5 Kf6 58. Rh6+ Bg6 59. Rh1 Be4 60. Rc1 Rc4 61. Rxc4 dxc4 62. Kc3 Ke7 63. Ne2 f5 64. Kd4 Kd6 65. Ng3 Bc2 66. Nh5 Ke6 67. Ng3 Kd6 68. Ne2 Be4 69. Nc3 Bc6 70. Nd1 Be4 71. Nf2 Bc2 72. Nh3 Bb1 73. Ng5 Ke7 74. Nf3 Kd6 75. Ne5 Be4 76. Nf7+ Ke7 77. Ng5 Bb1 1/2-1/2

[Event "BCF-ch U14"]
[Site "Hull"]
[Date "2018.08.03"]
[Round "6"]
[White "Guha, Chirag"]
[Black "Kesterson, Kennan"]
[Result "1/2-1/2"]
[WhiteElo "1912"]
[BlackElo "1639"]
[PlyCount "94"]
[EventDate "2018.07.29"]
[EventType "swiss"]
[EventRounds "7"]
[EventCountry "ENG"]
[SourceTitle "CBM 186 Extra"]
[Source "ChessBase"]
[SourceDate "2018.08.24"]
[SourceVersion "1"]
[SourceVersionDate "2018.08.24"]
[SourceQuality "1"]

1. d4 Nf6 2. c4 g6 3. Nc3 Bg7 4. e4 d6 5. f3 0-0 6. Be3 e5 7. Nge2 Nbd7 8. Qd2 a6 9. d5 Nc5 10. Ng3 Ne8 11. b4 Nd7 12. Bd3 a5 13. Rb1 axb4 14. Rxb4 Nc5 15. 0-0 b6 16. Bxc5 dxc5 17. Rb3 Nd6 18. Ra1 Ba6 19. Nb5 Bxb5 20. Rxb5 Nxb5 21. cxb5 Qh4 22. Ne2 Bh6 23. Qc3 Be3+ 24. Kh1 Qg5 25. a4 Rfe8 26. Bc4 Red8 27. Bb3 Rd6 28. Rf1 Bd2 29. Qb2 Qe3 30. Ng3 h5 31. Rd1 Bc3 32. Qc2 Bd4 33. Ne2 h4 34. f4 h3 35. Rf1 hxg2+ 36. Kxg2 c4 37. Bxc4 Rxa4 38. Qxa4 Qxe4+ 39. Rf3 exf4 40. Qb3 Bc5 41. Qd3 Qe5 42. Rxf4 Rf6 43. Rxf6 Qxf6 44. Qf3 Qg5+ 45. Kf1 Qh4 46. Qf4 Qh3+ 47. Ke1 Bd6 1/2-1/2

[Event "BCF-ch U14"]
[Site "Hull"]
[Date "2018.08.02"]
[Round "5"]
[White "Fleri, Matthew"]
[Black "Guha, Chirag"]
[Result "1/2-1/2"]
[WhiteElo "1643"]
[BlackElo "1912"]
[PlyCount "45"]
[EventDate "2018.07.29"]
[EventType "swiss"]
[EventRounds "7"]
[EventCountry "ENG"]
[SourceTitle "CBM 186 Extra"]
[Source "ChessBase"]
[SourceDate "2018.08.24"]
[SourceVersion "1"]
[SourceVersionDate "2018.08.24"]
[SourceQuality "1"]

1. e4 e5 2. Nf3 Nc6 3. Bc4 Nf6 4. d3 Bc5 5. Nc3 d6 6. h3 h6 7. Be3 Bb6 8. 0-0 0-0 9. Qd2 Be6 10. Nd5 Bxd5 11. exd5 Ne7 12. d4 e4 13. Nh2 Kh7 14. a4 a5 15. f3 exf3 16. Rxf3 Nexd5 17. Bd3+ g6 18. Bxh6 Bxd4+ 19. Kh1 Bxb2 20. Bxf8 Qxf8 21. Raf1 Bc3 22. Qg5 Qh6 23. Qxh6+ 1/2-1/2

[Event "BCF-ch U14"]
[Site "Hull"]
[Date "2018.08.01"]
[Round "4"]
[White "Guha, Chirag"]
[Black "Gogia, Armaan"]
[Result "0-1"]
[WhiteElo "1912"]
[BlackElo "1696"]
[PlyCount "80"]
[EventDate "2018.07.29"]
[EventType "swiss"]
[EventRounds "7"]
[EventCountry "ENG"]
[SourceTitle "CBM 186 Extra"]
[Source "ChessBase"]
[SourceDate "2018.08.24"]
[SourceVersion "1"]
[SourceVersionDate "2018.08.24"]
[SourceQuality "1"]

1. d4 Nf6 2. c4 g6 3. Nc3 Bg7 4. e4 d6 5. f3 0-0 6. Be3 c5 7. Nge2 Nc6 8. Qd2 b6 9. 0-0-0 Ba6 10. b3 cxd4 11. Nxd4 Qd7 12. g4 Rac8 13. Kb1 Ne5 14. Be2 Bb7 15. g5 Ne8 16. Rhf1 Nc6 17. f4 Nxd4 18. Bxd4 e5 19. Bxe5 Qe6 20. Bxg7 Nxg7 21. Bf3 Rfd8 22. Nd5 Ne8 23. Qe2 Bxd5 24. Rxd5 Qe7 25. Bg4 Rc5 26. Rd3 a5 27. Rd4 Nc7 28. h4 b5 29. f5 bxc4 30. Rxc4 Nb5 31. Rxc5 dxc5 32. Qxb5 Qxe4+ 33. Kb2 Qxg4 34. f6 Qxh4 35. Qxc5 a4 36. b4 a3+ 37. Ka1 Qh2 38. Rb1 h6 39. gxh6 Rd2 40. Qc4 Qe5+ 0-1